| 000 | 00437 a2200145 4500 | ||
|---|---|---|---|
| 020 | _a 0071229140 | ||
| 082 | _a511 | ||
| 100 | _aSimpson, Andrew. | ||
| 245 |
_aDiscrete Mathematics by Example _c Andrew, Simpson. |
||
| 260 |
_aSingapore: _b McGraw-Hill book Co., _c2002. |
||
| 300 |
_a x, (various Pagning) : _bill. ; _c24 cm. |
||
| 500 | _aIncludes Index | ||
| 650 | _a1.Mathematics.2.Computer Science--Mathematics. | ||
| 942 |
_cBK _k511 SIM |
||
| 999 |
_c7493 _d7493 |
||